| 000 | 01282nam a22003377a 4500 | ||
|---|---|---|---|
| 003 | CHAP | ||
| 005 | 20240520113615.0 | ||
| 008 | 080509s2009 es a r 00010 spa d | ||
| 010 | _a98212 | ||
| 011 | _a99184 | ||
| 020 | _a9788487480553 | ||
| 035 | _a109869 | ||
| 040 | _cCHAP | ||
| 082 | 0 | 4 |
_a631.0250972 _bL63 |
| 100 | 0 | 0 |
_aLiñán Vicente, Carlos de. _967023 |
| 245 | 1 | 0 |
_aVademecum de agroquimicos de México 2009 : _bproductos fitosanitarios, nutricionales, orgánicos y otros insumos _c/por Carlos de Liñan Vicente y Carlos de Liñán Carral |
| 260 |
_aMadrid : _bTecnoAgrícola de México, _c2009 |
||
| 300 |
_a608 p. : _bilus. +1 CD ROM (4 3/4 plg.) |
||
| 500 | _aEste disco contiene la misma información que la edición impresa. | ||
| 590 |
_aBATCH-UPD _b10 _c20130110 |
||
| 590 |
_aBATCH-UPD _b10 _c20130410 |
||
| 590 |
_aBATCH-UPD _b10 _c20130914 |
||
| 590 |
_aCONVERSION _b10 _c20130109 |
||
| 650 | 0 | 4 |
_aAgricultura _xDirectorios _xMexico. _91403 |
| 650 | 1 | 4 |
_aAgricultura _zMaterias primas. _91931 |
| 700 | 1 |
_aLiñan Carral, Carlos De. _967020 |
|
| 901 | _aBK | ||
| 942 |
_cLIBRO _2ddc |
||
| 949 |
_a631.0250972 L63 _bBC _cC _d33724002105652 _eLIBRO _h112338 _i109869 _sb |
||
| 949 |
_a631.0250972 L63 _bBC _cC _d33724002317595 _eLIBRO _fc.2 _gDonaciØn _h116145 _i109869 _sb |
||
| 999 |
_c98212 _d98212 |
||